El yoga de Jesús (Record no. 181883)

MARC details
000 -LEADER
campo de control de longitud fija 00977nam a2200265 i 4500
001 - NÚMERO DE CONTROL
campo de control 181883
003 - IDENTIFICADOR DE NÚMERO DE CONTROL
campo de control ES-MaACL
005 - FECHA Y HORA DE LA ÚLTIMA TRANSACCIÓN
campo de control 20231021153742.0
008 - DATOS DE LONGITUD FIJA--INFORMACIÓN GENERAL
campo de control de longitud fija 130506s2010 xxu |||| | spa d
020 ## - NÚMERO INTERNACIONAL ESTÁNDAR DEL LIBRO
Número Internacional Estándar del Libro 0-87612-024-9
080 ## - NÚMERO DE LA CLASIFICACIÓN DECIMAL UNIVERSAL
Número de la Clasificación Decimal Universal 232.33
080 ## - NÚMERO DE LA CLASIFICACIÓN DECIMAL UNIVERSAL
Número de la Clasificación Decimal Universal 294.527
100 1# - ENTRADA PRINCIPAL--NOMBRE DE PERSONA
Nombre de persona Yogananda, Paramahansa.
9 (RLIN) 117656
245 13 - MENCIÓN DEL TÍTULO
Título El yoga de Jesús
Resto del título : claves para comprender las enseñanzas ocultas de los evangelios /
Mención de responsabilidad, etc. selecciones provenientes de los escritos de Paramahansa Yogananda.
250 ## - MENCION DE EDICION
Mención de edición 1ª ed. en español, 2ª reimp.
260 ## - PUBLICACIÓN, DISTRIBUCIÓN, ETC.
Lugar de publicación, distribución, etc. Los Ángeles, California :
Nombre del editor, distribuidor, etc. Self-Realization Fellowship,
Fecha de publicación, distribución, etc. 2010.
300 ## - DESCRIPCIÓN FÍSICA
Extensión XIV, 161 p. :
Otras características físicas il. ;
Dimensiones 23 cm.
500 ## - NOTA GENERAL
Nota general Índice.
600 04 - PUNTO DE ACCESO ADICIONAL DE MATERIA--NOMBRE DE PERSONA
Nombre de persona Jesucristo-
Subdivisión general Enseñanzas.
9 (RLIN) 147809
650 #4 - PUNTO DE ACCESO ADICIONAL DE MATERIA--TÉRMINO DE MATERIA
Término de materia o nombre geográfico como elemento de entrada Yoga.
9 (RLIN) 17859
852 ## - LOCALIZACIÓN
Ubicación ES-MaACL
Número de control de estantería A-12703
itemnumber 188791
Sublocalización o colección R.148988
Ubicación en estantería Depósito 1
Signatura antigua Olim: N-5703
Encuadernación Donación: Luis Navas Sánchez
903 ## - NOMBRE PERSONAL DE DONANTE
9 234372
a Navas Sánchez, Luis
e Donante
942 ## - ELEMENTOS DE ENTRADA SECUNDARIOS (KOHA)
Fuente del sistema de clasificación o colocación Clasificación decimal universal
Tipo de ítem Koha Libro impreso
Holdings
Estatus retirado Estado de pérdida Fuente del sistema de clasificación o colocación Estado de daño No para préstamo Biblioteca de origen Biblioteca actual Ubicación en estantería Fecha de adquisición Fuente de adquisición Total de préstamos Signatura topográfica completa Código de barras Visto por última vez Precio de reemplazo Tipo de ítem Koha
    Clasificación decimal universal     Biblioteca del Ateneo de Madrid Biblioteca del Ateneo de Madrid Depósito 1 06/05/2013 Donación   A-12703 1191141 23/02/2023 23/02/2023 Libro impreso